[Event "8th Arber Open"]
[Site "chess24.com"]
[Date "2019.07.27"]
[Round "1"]
[White "Mirzoev, Emil"]
[Black "Wacker, Andreas"]
[Result "1-0"]
[Board "2"]
[WhiteElo "2493"]
[WhiteTitle "IM"]
[WhiteCountry "UKR"]
[WhiteFideId "14108640"]
[WhiteEloChange "1"]
[BlackElo "1792"]
[BlackCountry "GER"]
[BlackFideId "12953083"]
[BlackEloChange "-2"]

1. c4 {[%clk 1:30:57]} Nf6 {[%clk 1:30:33]} 2. Nc3 {[%clk 1:31:22]} g6 {[%clk
1:29:20]} 3. e4 {[%clk 1:31:39]} e5 {[%clk 1:26:21]} 4. Nf3 {[%clk 1:31:39]} d6
{[%clk 1:24:41]} 5. d4 {[%clk 1:32:10]} Nbd7 {[%clk 1:19:21]} 6. Be2 {[%clk
1:32:25]} Bg7 {[%clk 1:19:20]} 7. O-O {[%clk 1:32:25]} O-O {[%clk 1:19:26]} 8.
Qc2 {[%clk 1:33:12]} Qe7 {[%clk 1:11:56]} 9. Rd1 {[%clk 1:26:12]} c6 {[%clk
1:04:28]} 10. b3 {[%clk 1:22:29]} Nb6 {[%clk 0:43:39]} 11. Ba3 {[%clk 1:20:10]}
c5 {[%clk 0:43:39]} 12. dxe5 {[%clk 1:16:57]} dxe5 {[%clk 0:35:24]} 13. Nd5
{[%clk 1:17:13]} Nbxd5 {[%clk 0:34:28]} 14. cxd5 {[%clk 1:17:35]} b6 {[%clk
0:26:55]} 15. Nd2 {[%clk 1:16:26]} Bb7 {[%clk 0:19:19]} 16. Nc4 {[%clk 1:16:30]}
Nd7 {[%clk 0:17:55]} 17. Bb2 {[%clk 1:16:04]} f5 {[%clk 0:11:49]} 18. f3 {[%clk
1:15:09]} f4 {[%clk 0:11:15]} 19. a4 {[%clk 1:15:04]} a5 {[%clk 0:10:32]} 20. Na3
{[%clk 1:14:58]} Ba6 {[%clk 0:09:38]} 21. d6 {[%clk 1:13:54]} Qf7 {[%clk
0:05:32]} 22. Nb5 {[%clk 1:14:23]} Bxb5 {[%clk 0:05:22]} 23. Bxb5 {[%clk
1:14:50]} Kh8 {[%clk 0:05:26]} 24. Rd5 {[%clk 1:15:19]} Rfe8 {[%clk 0:04:15]} 25.
Rad1 {[%clk 1:15:10]} Ra7 {[%clk 0:03:29]} 26. Bc3 {[%clk 1:15:22]} Qe6 {[%clk
0:03:03]} 27. Qe2 {[%clk 1:15:23]} Qf7 {[%clk 0:01:56]} 28. Bc6 {[%clk 1:15:30]}
Qe6 {[%clk 0:01:56]} 29. Qb5 {[%clk 1:15:50]} Rb8 {[%clk 0:00:39]} 30. h3 {[%clk
1:15:06]} h6 {[%clk 0:00:50]} 31. Bxd7 {[%clk 1:15:02]} Rxd7 {[%clk 0:00:42]} 32.
Bxe5 {[%clk 1:15:30]} Bxe5 {[%clk 0:00:38]} 33. Rxe5 {[%clk 1:15:58]} 1-0

[Event "8th Arber Open"]
[Site "chess24.com"]
[Date "2019.07.27"]
[Round "1"]
[White "Meixner, Torsten"]
[Black "Pap, Misa"]
[Result "0-1"]
[Board "3"]
[WhiteElo "1881"]
[WhiteCountry "GER"]
[WhiteFideId "16209753"]
[WhiteEloChange "-2"]
[BlackElo "2461"]
[BlackTitle "GM"]
[BlackCountry "SRB"]
[BlackFideId "921610"]
[BlackEloChange "1"]

1. e4 {[%clk 1:30:55]} c5 {[%clk 1:30:38]} 2. Nf3 {[%clk 1:31:17]} Nc6 {[%clk
1:31:01]} 3. d4 {[%clk 1:31:36]} cxd4 {[%clk 1:31:26]} 4. Nxd4 {[%clk 1:31:53]}
e5 {[%clk 1:30:54]} 5. Nb5 {[%clk 1:31:56]} d6 {[%clk 1:31:18]} 6. c4 {[%clk
1:32:19]} Be7 {[%clk 1:31:34]} 7. Be3 {[%clk 1:32:14]} Be6 {[%clk 1:31:36]} 8.
N1c3 {[%clk 1:32:08]} a6 {[%clk 1:31:32]} 9. Na3 {[%clk 1:32:24]} Bg5 {[%clk
1:31:43]} 10. Nc2 {[%clk 1:31:38]} Rc8 {[%clk 1:29:28]} 11. Qd2 {[%clk 1:31:45]}
Bxe3 {[%clk 1:29:38]} 12. Nxe3 {[%clk 1:31:55]} Nd4 {[%clk 1:25:50]} 13. b3
{[%clk 1:26:26]} Qa5 {[%clk 1:22:59]} 14. Ncd5 {[%clk 1:26:12]} Nxb3 {[%clk
1:22:47]} 15. Qxa5 {[%clk 1:23:03]} Nxa5 {[%clk 1:23:09]} 16. Be2 {[%clk
1:23:18]} Ne7 {[%clk 1:22:11]} 17. O-O {[%clk 1:23:18]} Nxd5 {[%clk 1:15:25]} 18.
cxd5 {[%clk 1:22:46]} Bd7 {[%clk 1:15:45]} 19. Rfc1 {[%clk 1:22:05]} Ke7 {[%clk
1:15:43]} 20. f3 {[%clk 1:22:05]} b5 {[%clk 1:14:11]} 21. g4 {[%clk 1:19:55]} g6
{[%clk 1:12:35]} 22. g5 {[%clk 1:18:22]} Rc5 {[%clk 1:08:50]} 23. Rc2 {[%clk
1:15:15]} Rhc8 {[%clk 1:08:05]} 24. Rac1 {[%clk 1:15:29]} Nb7 {[%clk 1:07:42]}
25. Kf1 {[%clk 1:14:19]} Rxc2 {[%clk 1:06:46]} 26. Rxc2 {[%clk 1:14:43]} Nc5
{[%clk 1:06:50]} 27. Ke1 {[%clk 1:14:11]} h6 {[%clk 1:06:08]} 28. h4 {[%clk
1:13:39]} hxg5 {[%clk 1:06:33]} 29. hxg5 {[%clk 1:14:08]} Rh8 {[%clk 1:06:53]}
30. Bf1 {[%clk 1:12:28]} Rh1 {[%clk 1:05:36]} 31. Kf2 {[%clk 1:10:35]} Rh5 {[%clk
1:05:36]} 0-1

[Event "8th Arber Open"]
[Site "chess24.com"]
[Date "2019.07.27"]
[Round "1"]
[White "Milov, Leonid"]
[Black "Malditz, Dieter"]
[Result "1-0"]
[Board "4"]
[WhiteElo "2472"]
[WhiteTitle "GM"]
[WhiteCountry "GER"]
[WhiteFideId "14101068"]
[WhiteEloChange "1"]
[BlackElo "1869"]
[BlackCountry "GER"]
[BlackFideId "16244028"]
[BlackEloChange "-2"]

1. e4 {[%clk 1:30:30]} c6 {[%clk 1:30:30]} 2. d4 {[%clk 1:30:30]} d5 {[%clk
1:30:30]} 3. Nd2 {[%clk 1:30:30]} dxe4 {[%clk 1:30:30]} 4. Nxe4 {[%clk 1:30:30]}
Bf5 {[%clk 1:30:30]} 5. Ng3 {[%clk 1:30:30]} Bg6 {[%clk 1:30:30]} 6. Nh3 {[%clk
1:30:30]} e6 {[%clk 1:30:30]} 7. Nf4 {[%clk 1:30:30]} Bd6 {[%clk 1:30:30]} 8.
Nfh5 {[%clk 1:30:30]} Bxh5 {[%clk 1:30:30]} 9. Nxh5 {[%clk 1:30:30]} g6 {[%clk
1:30:30]} 10. Nf4 {[%clk 1:30:30]} Nd7 {[%clk 1:30:30]} 11. g3 {[%clk 1:30:30]}
Ngf6 {[%clk 1:30:30]} 12. Bg2 {[%clk 1:30:30]} Qc7 {[%clk 1:30:30]} 13. O-O
{[%clk 1:30:30]} O-O {[%clk 1:30:30]} 14. Nd3 {[%clk 1:30:30]} c5 {[%clk
1:30:30]} 15. dxc5 {[%clk 1:30:30]} Nxc5 {[%clk 1:30:30]} 16. Nxc5 {[%clk
1:30:30]} Bxc5 {[%clk 1:30:30]} 17. Qf3 {[%clk 1:30:30]} Nd5 {[%clk 1:30:30]} 18.
a3 {[%clk 1:30:30]} Rfb8 {[%clk 1:30:30]} 19. Qb3 {[%clk 1:30:30]} Rd8 {[%clk
1:30:30]} 20. Bh6 {[%clk 1:30:30]} Rab8 {[%clk 1:30:30]} 21. Rad1 {[%clk
1:30:30]} Nb6 {[%clk 1:30:30]} 22. Qc3 {[%clk 1:30:30]} e5 {[%clk 1:30:30]} 23.
Qb3 {[%clk 1:30:30]} Bf8 {[%clk 1:30:30]} 24. Be3 {[%clk 1:30:30]} Bc5 {[%clk
1:30:30]} 25. Bg5 {[%clk 1:30:30]} Be7 {[%clk 1:30:30]} 26. Bh6 {[%clk 1:30:30]}
Bf8 {[%clk 1:30:30]} 27. Bc1 {[%clk 1:30:30]} Nd7 {[%clk 1:30:30]} 28. Bg5 {[%clk
1:30:30]} Rdc8 {[%clk 1:30:30]} 29. Bh3 {[%clk 1:30:30]} Nc5 {[%clk 1:30:30]} 30.
Qd5 {[%clk 1:30:30]} Re8 {[%clk 1:30:30]} 31. Be3 {[%clk 1:30:30]} b6 {[%clk
1:30:30]} 32. Qc4 {[%clk 1:30:30]} b5 {[%clk 1:30:30]} 33. Qc3 {[%clk 1:30:30]}
Qe7 {[%clk 1:30:30]} 34. Qa5 {[%clk 1:30:30]} Qb7 {[%clk 1:30:30]} 35. Rd2 {[%clk
1:30:30]} Ne6 {[%clk 1:30:30]} 36. Qxa7 {[%clk 1:30:30]} Qc6 {[%clk 1:30:30]} 37.
Bg2 {[%clk 1:30:30]} e4 {[%clk 1:30:30]} 38. Qd7 {[%clk 1:30:30]} Qxd7 {[%clk
1:30:30]} 39. Rxd7 {[%clk 1:30:30]} Rbd8 {[%clk 1:30:30]} 40. Rfd1 {[%clk
1:30:30]} 1-0

[Event "8th Arber Open"]
[Site "chess24.com"]
[Date "2019.07.27"]
[Round "1"]
[White "Bensch, Patrick"]
[Black "Peglau, Mirjam"]
[Result "1-0"]
[Board "6"]
[WhiteElo "2197"]
[WhiteTitle "FM"]
[WhiteCountry "GER"]
[WhiteFideId "4617401"]
[WhiteEloChange "2"]
[BlackElo "1759"]
[BlackCountry "GER"]
[BlackFideId "16211138"]
[BlackEloChange "-2"]

1. c4 {[%clk 1:30:30]} c5 {[%clk 1:30:30]} 2. Nf3 {[%clk 1:30:30]} Nf6 {[%clk
1:30:30]} 3. Nc3 {[%clk 1:30:30]} d5 {[%clk 1:30:30]} 4. cxd5 {[%clk 1:30:30]}
Nxd5 {[%clk 1:30:30]} 5. e4 {[%clk 1:30:30]} Nb4 {[%clk 1:30:30]} 6. Bc4 {[%clk
1:30:30]} Nd3+ {[%clk 1:30:30]} 7. Ke2 {[%clk 1:30:30]} Nf4+ {[%clk 1:30:30]} 8.
Kf1 {[%clk 1:30:30]} Be6 {[%clk 1:30:30]} 9. Bxe6 {[%clk 1:30:30]} Nxe6 {[%clk
1:30:30]} 10. d3 {[%clk 1:30:30]} Nc6 {[%clk 1:30:30]} 11. g3 {[%clk 1:30:30]} g6
{[%clk 1:30:30]} 12. h4 {[%clk 1:30:30]} Bg7 {[%clk 1:30:30]} 13. h5 {[%clk
1:30:30]} Qd7 {[%clk 1:30:30]} 14. Kg2 {[%clk 1:30:30]} O-O-O {[%clk 1:30:30]}
15. Nd5 {[%clk 1:30:30]} Ned4 {[%clk 1:30:30]} 16. h6 {[%clk 1:30:30]} Bf6 {[%clk
1:30:30]} 17. Bf4 {[%clk 1:30:30]} Nxf3 {[%clk 1:30:30]} 18. Qxf3 {[%clk
1:30:30]} Bxb2 {[%clk 1:30:30]} 19. Rab1 {[%clk 1:30:30]} Be5 {[%clk 1:30:30]}
20. Rhc1 {[%clk 1:30:30]} Qd6 {[%clk 1:30:30]} 21. Be3 {[%clk 1:30:30]} b6 {[%clk
1:30:30]} 22. d4 {[%clk 1:30:30]} Nxd4 {[%clk 1:30:30]} 23. Bxd4 {[%clk 1:30:30]}
Bxd4 {[%clk 1:30:30]} 24. Qd3 {[%clk 1:30:30]} Kb7 {[%clk 1:30:30]} 25. a4 {[%clk
1:30:30]} e6 {[%clk 1:30:30]} 26. Nxb6 {[%clk 1:30:30]} axb6 {[%clk 1:30:30]} 27.
a5 {[%clk 1:30:30]} Be5 {[%clk 1:30:30]} 28. Qf3 {[%clk 1:30:30]} Qd4 {[%clk
1:30:30]} 29. Qxf7+ {[%clk 1:30:30]} Rd7 {[%clk 1:30:30]} 30. Rxb6+ {[%clk
1:30:30]} Ka7 {[%clk 1:30:30]} 31. Qxe6 {[%clk 1:30:30]} Rd6 {[%clk 1:30:30]} 32.
Qf7+ {[%clk 1:30:30]} Rd7 {[%clk 1:30:30]} 33. Qe6 {[%clk 1:30:30]} Rd6 {[%clk
1:30:30]} 34. Qf7+ {[%clk 1:30:30]} Rd7 {[%clk 1:30:30]} 35. Qb3 {[%clk 1:30:30]}
Rd6 {[%clk 1:30:30]} 36. Rc4 {[%clk 1:30:30]} Qd3 {[%clk 1:30:30]} 37. Qb5 {[%clk
1:30:30]} Rxb6 {[%clk 1:30:30]} 38. Qxb6+ {[%clk 1:30:30]} Ka8 {[%clk 1:30:30]}
39. Qa6+ {[%clk 1:30:30]} Kb8 {[%clk 1:30:30]} 40. Rb4+ {[%clk 1:30:30]} cxb4
{[%clk 1:30:30]} 41. Qxd3 {[%clk 1:30:30]} Bc3 {[%clk 1:30:30]} 42. Qd7 {[%clk
1:30:30]} Ka8 {[%clk 1:30:30]} 43. a6 {[%clk 1:30:30]} Rb8 {[%clk 1:30:30]} 44.
Qd5+ {[%clk 1:30:30]} Ka7 {[%clk 1:30:30]} 45. Qb3 {[%clk 1:30:30]} Kxa6 {[%clk
1:30:30]} 46. e5 {[%clk 1:30:30]} Bxe5 {[%clk 1:30:30]} 47. Qe6+ {[%clk 1:30:30]}
Rb6 {[%clk 1:30:30]} 48. Qxe5 {[%clk 1:30:30]} b3 {[%clk 1:30:30]} 49. Qb2 {[%clk
1:30:30]} Rb4 {[%clk 1:30:30]} 50. Kf3 {[%clk 1:30:30]} Kb5 {[%clk 1:30:30]} 51.
Ke3 {[%clk 1:30:30]} Kc4 {[%clk 1:30:30]} 52. Kd2 {[%clk 1:30:30]} Kb5 {[%clk
1:30:30]} 53. Kc1 {[%clk 1:30:30]} Rc4+ {[%clk 1:30:30]} 54. Kb1 {[%clk 1:30:30]}
Kb4 {[%clk 1:30:30]} 55. Qd2+ {[%clk 1:30:30]} Ka3 {[%clk 1:30:30]} 56. Qa5+
{[%clk 1:30:30]} Ra4 {[%clk 1:30:30]} 57. Qc5+ {[%clk 1:30:30]} Rb4 {[%clk
1:30:30]} 58. Qa7+ {[%clk 1:30:30]} Ra4 {[%clk 1:30:30]} 59. Qxh7 {[%clk
1:30:30]} b2 {[%clk 1:30:30]} 60. Qe7+ {[%clk 1:30:30]} Kb3 {[%clk 1:30:30]} 61.
Qe3+ {[%clk 1:30:30]} 1-0

[Event "8th Arber Open"]
[Site "chess24.com"]
[Date "2019.07.27"]
[Round "1"]
[White "Rotstein, Arkadij"]
[Black "Uneken, Bert"]
[Result "1-0"]
[Board "7"]
[WhiteElo "2471"]
[WhiteTitle "GM"]
[WhiteCountry "GER"]
[WhiteFideId "4662997"]
[WhiteEloChange "1"]
[BlackElo "1860"]
[BlackCountry "NED"]
[BlackFideId "1031260"]
[BlackEloChange "-2"]

1. c4 {[%clk 1:30:56]} Nf6 {[%clk 1:29:51]} 2. Nc3 {[%clk 1:31:06]} c5 {[%clk
1:28:38]} 3. g3 {[%clk 1:30:44]} Nc6 {[%clk 1:27:31]} 4. Bg2 {[%clk 1:29:53]} g6
{[%clk 1:25:23]} 5. e4 {[%clk 1:29:13]} Bg7 {[%clk 1:22:04]} 6. Nge2 {[%clk
1:26:57]} d6 {[%clk 1:19:12]} 7. O-O {[%clk 1:26:17]} Be6 {[%clk 1:12:15]} 8. d3
{[%clk 1:24:41]} Qc8 {[%clk 1:11:02]} 9. Nd5 {[%clk 1:20:15]} Bd7 {[%clk
1:05:59]} 10. Rb1 {[%clk 1:18:00]} O-O {[%clk 0:59:37]} 11. Bg5 {[%clk 1:14:12]}
Bh3 {[%clk 0:56:09]} 12. Qd2 {[%clk 1:08:29]} Re8 {[%clk 0:47:48]} 13. Bxh3
{[%clk 1:07:30]} Qxh3 {[%clk 0:48:04]} 14. Bxf6 {[%clk 1:07:52]} Bxf6 {[%clk
0:47:29]} 15. Nc7 {[%clk 1:07:51]} Ne5 {[%clk 0:47:37]} 16. f3 {[%clk 1:07:30]}
Qh5 {[%clk 0:40:02]} 17. Kg2 {[%clk 1:06:47]} Bg5 {[%clk 0:38:40]} 18. f4 {[%clk
1:06:01]} 1-0

[Event "8th Arber Open"]
[Site "chess24.com"]
[Date "2019.07.27"]
[Round "1"]
[White "Schmitz, Tim"]
[Black "Hoffmann, Michael"]
[Result "0-1"]
[Board "8"]
[WhiteElo "1870"]
[WhiteCountry "GER"]
[WhiteFideId "1270221"]
[WhiteEloChange "-2"]
[BlackElo "2438"]
[BlackTitle "GM"]
[BlackCountry "GER"]
[BlackFideId "4601297"]
[BlackEloChange "1"]

1. e4 {[%clk 1:30:55]} c5 {[%clk 1:30:46]} 2. Nf3 {[%clk 1:31:13]} e6 {[%clk
1:30:28]} 3. d4 {[%clk 1:31:25]} cxd4 {[%clk 1:30:50]} 4. Nxd4 {[%clk 1:31:46]}
Nc6 {[%clk 1:30:52]} 5. Nc3 {[%clk 1:31:15]} Qc7 {[%clk 1:30:50]} 6. Be3 {[%clk
1:30:33]} a6 {[%clk 1:30:20]} 7. Bd3 {[%clk 1:27:21]} Nf6 {[%clk 1:27:53]} 8. Qd2
{[%clk 1:16:11]} Ng4 {[%clk 1:21:14]} 9. Nxc6 {[%clk 1:12:07]} Nxe3 {[%clk
1:20:55]} 10. Qxe3 {[%clk 1:12:19]} bxc6 {[%clk 1:15:17]} 11. O-O {[%clk
1:07:19]} Be7 {[%clk 1:13:54]} 12. e5 {[%clk 1:02:45]} d6 {[%clk 1:11:10]} 13.
Qg3 {[%clk 0:51:57]} O-O {[%clk 1:10:06]} 14. f4 {[%clk 0:47:39]} Rb8 {[%clk
1:03:05]} 15. Ne4 {[%clk 0:42:48]} dxe5 {[%clk 0:53:49]} 16. fxe5 {[%clk
0:43:07]} f5 {[%clk 0:53:40]} 17. Nd6 {[%clk 0:33:55]} Rxb2 {[%clk 0:45:00]} 18.
Nc4 {[%clk 0:24:36]} Rb5 {[%clk 0:43:33]} 19. Rab1 {[%clk 0:20:11]} Rd8 {[%clk
0:36:04]} 20. Rb3 {[%clk 0:17:14]} a5 {[%clk 0:35:03]} 21. Rfb1 {[%clk 0:10:51]}
a4 {[%clk 0:34:11]} 22. R3b2 {[%clk 0:08:22]} Ba6 {[%clk 0:31:47]} 23. h3 {[%clk
0:05:04]} Rxb2 {[%clk 0:28:50]} 24. Rxb2 {[%clk 0:04:52]} Qa7+ {[%clk 0:28:51]}
25. Kh1 {[%clk 0:03:11]} Bxc4 {[%clk 0:28:55]} 0-1

[Event "8th Arber Open"]
[Site "chess24.com"]
[Date "2019.07.27"]
[Round "1"]
[White "Bogdanov, Egor"]
[Black "Albrecht, Manuel"]
[Result "1-0"]
[Board "9"]
[WhiteElo "2407"]
[WhiteTitle "IM"]
[WhiteCountry "UKR"]
[WhiteFideId "14119137"]
[WhiteEloChange "1"]
[BlackElo "1833"]
[BlackCountry "GER"]
[BlackFideId "12924601"]
[BlackEloChange "-2"]

1. e4 {[%clk 1:30:57]} e5 {[%clk 1:30:52]} 2. d4 {[%clk 1:31:22]} exd4 {[%clk
1:31:14]} 3. Nf3 {[%clk 1:31:49]} d5 {[%clk 1:29:20]} 4. Qxd4 {[%clk 1:31:28]}
dxe4 {[%clk 1:28:12]} 5. Qxd8+ {[%clk 1:31:53]} Kxd8 {[%clk 1:28:35]} 6. Ng5
{[%clk 1:32:21]} Nh6 {[%clk 1:27:31]} 7. Nxe4 {[%clk 1:30:46]} Bb4+ {[%clk
1:27:03]} 8. Nbc3 {[%clk 1:30:40]} Re8 {[%clk 1:27:05]} 9. Bg5+ {[%clk 1:30:30]}
Be7 {[%clk 1:23:12]} 10. O-O-O+ {[%clk 1:30:43]} Bd7 {[%clk 1:23:24]} 11. Bf4
{[%clk 1:27:43]} Kc8 {[%clk 1:10:18]} 12. Nd5 {[%clk 1:22:01]} Bd8 {[%clk
1:08:21]} 13. Bd3 {[%clk 1:18:02]} Ng4 {[%clk 1:01:40]} 14. Rhe1 {[%clk 1:12:34]}
f5 {[%clk 0:58:18]} 15. Ng3 {[%clk 1:08:45]} Rxe1 {[%clk 0:43:25]} 16. Rxe1
{[%clk 1:09:08]} Nxf2 {[%clk 0:43:51]} 17. Bxf5 {[%clk 1:09:11]} g6 {[%clk
0:44:04]} 18. Bxd7+ {[%clk 1:09:10]} Kxd7 {[%clk 0:44:26]} 19. h3 {[%clk
1:08:55]} c6 {[%clk 0:42:55]} 20. Nc3 {[%clk 1:07:36]} Bh4 {[%clk 0:35:03]} 21.
Rf1 {[%clk 1:06:15]} g5 {[%clk 0:34:34]} 22. Nf5 {[%clk 1:06:21]} Nxh3 {[%clk
0:33:16]} 23. gxh3 {[%clk 1:06:43]} 1-0

[Event "8th Arber Open"]
[Site "chess24.com"]
[Date "2019.07.27"]
[Round "1"]
[White "Schreib, Marc"]
[Black "Sergeev, Vladimir"]
[Result "0-1"]
[Board "10"]
[WhiteElo "1839"]
[WhiteCountry "GER"]
[WhiteFideId "24653810"]
[WhiteEloChange "-2"]
[BlackElo "2415"]
[BlackTitle "GM"]
[BlackCountry "UKR"]
[BlackFideId "14101076"]
[BlackEloChange "1"]

1. d4 {[%clk 1:30:54]} d6 {[%clk 1:30:34]} 2. Bf4 {[%clk 1:28:08]} c5 {[%clk
1:30:47]} 3. dxc5 {[%clk 1:27:45]} Qa5+ {[%clk 1:31:11]} 4. Nc3 {[%clk 1:26:30]}
Qxc5 {[%clk 1:31:32]} 5. e4 {[%clk 1:19:57]} Nf6 {[%clk 1:29:10]} 6. Bd3 {[%clk
1:08:02]} a6 {[%clk 1:28:43]} 7. Be3 {[%clk 1:03:18]} Qa5 {[%clk 1:28:11]} 8. Bd2
{[%clk 1:00:54]} Nbd7 {[%clk 1:25:55]} 9. Nd5 {[%clk 0:58:54]} Qd8 {[%clk
1:23:32]} 10. Nxf6+ {[%clk 0:57:25]} Nxf6 {[%clk 1:23:47]} 11. c4 {[%clk
0:53:06]} e6 {[%clk 1:22:27]} 12. Nf3 {[%clk 0:52:40]} Be7 {[%clk 1:22:26]} 13.
Bc3 {[%clk 0:52:33]} O-O {[%clk 1:22:31]} 14. O-O {[%clk 0:52:24]} b6 {[%clk
1:22:44]} 15. e5 {[%clk 0:48:42]} dxe5 {[%clk 1:22:59]} 16. Nxe5 {[%clk 0:47:24]}
Bb7 {[%clk 1:23:12]} 17. Qe2 {[%clk 0:42:10]} Qc7 {[%clk 1:23:27]} 18. Rac1
{[%clk 0:39:12]} a5 {[%clk 1:19:22]} 19. Rfd1 {[%clk 0:35:37]} Rfd8 {[%clk
1:13:57]} 20. Bb1 {[%clk 0:32:56]} Bc5 {[%clk 1:11:14]} 21. h3 {[%clk 0:26:53]}
h6 {[%clk 1:04:16]} 22. Bc2 {[%clk 0:19:18]} Rac8 {[%clk 1:01:31]} 23. Bb1 {[%clk
0:17:42]} Ba8 {[%clk 1:01:32]} 24. Rd2 {[%clk 0:14:14]} Qb7 {[%clk 0:51:46]} 25.
Nf3 {[%clk 0:13:34]} Ne4 {[%clk 0:46:52]} 26. Bxe4 {[%clk 0:13:47]} Qxe4 {[%clk
0:46:35]} 27. Qxe4 {[%clk 0:13:46]} Bxe4 {[%clk 0:46:59]} 28. Rcd1 {[%clk
0:13:23]} Rxd2 {[%clk 0:47:12]} 29. Rxd2 {[%clk 0:13:33]} Bxf3 {[%clk 0:31:44]}
30. gxf3 {[%clk 0:13:47]} Kh7 {[%clk 0:32:05]} 31. Rd7 {[%clk 0:10:50]} Kg6
{[%clk 0:29:57]} 32. Kg2 {[%clk 0:11:03]} Rc6 {[%clk 0:29:13]} 33. Be5 {[%clk
0:08:30]} f6 {[%clk 0:28:36]} 34. Rc7 {[%clk 0:07:52]} Rxc7 {[%clk 0:28:36]} 35.
Bxc7 {[%clk 0:08:15]} Kf5 {[%clk 0:28:56]} 36. Kf1 {[%clk 0:06:51]} e5 {[%clk
0:29:11]} 37. a3 {[%clk 0:07:03]} a4 {[%clk 0:29:23]} 0-1

[Event "8th Arber Open"]
[Site "chess24.com"]
[Date "2019.07.27"]
[Round "1"]
[White "Poetz, Florian"]
[Black "Danninger, Jannik"]
[Result "1-0"]
[Board "11"]
[WhiteElo "2389"]
[WhiteTitle "IM"]
[WhiteCountry "AUT"]
[WhiteFideId "1618741"]
[WhiteEloChange "2"]
[BlackElo "1842"]
[BlackCountry "GER"]
[BlackFideId "16226402"]
[BlackEloChange "-2"]

1. e4 {[%clk 1:30:57]} c5 {[%clk 1:30:54]} 2. Nf3 {[%clk 1:31:22]} d6 {[%clk
1:31:15]} 3. d4 {[%clk 1:31:46]} cxd4 {[%clk 1:31:39]} 4. Nxd4 {[%clk 1:32:12]}
Nf6 {[%clk 1:31:59]} 5. Nc3 {[%clk 1:32:38]} g6 {[%clk 1:32:21]} 6. Be3 {[%clk
1:32:51]} Bg7 {[%clk 1:32:29]} 7. f3 {[%clk 1:33:15]} O-O {[%clk 1:32:40]} 8. Qd2
{[%clk 1:33:41]} Nc6 {[%clk 1:32:55]} 9. Bc4 {[%clk 1:34:01]} Bd7 {[%clk
1:32:35]} 10. Bb3 {[%clk 1:34:24]} Ne5 {[%clk 1:32:40]} 11. O-O-O {[%clk
1:34:00]} Rb8 {[%clk 1:31:45]} 12. Bh6 {[%clk 1:30:40]} b5 {[%clk 1:31:26]} 13.
Kb1 {[%clk 1:29:35]} a5 {[%clk 1:30:31]} 14. Bxg7 {[%clk 1:28:56]} Kxg7 {[%clk
1:30:39]} 15. f4 {[%clk 1:25:59]} Nc4 {[%clk 1:22:26]} 16. Bxc4 {[%clk 1:22:53]}
bxc4 {[%clk 1:22:46]} 17. Ka1 {[%clk 1:22:23]} Qb6 {[%clk 1:11:44]} 18. Rb1
{[%clk 1:21:32]} Qc5 {[%clk 1:11:13]} 19. Rhe1 {[%clk 1:19:15]} e5 {[%clk
1:09:08]} 20. Nf3 {[%clk 1:15:44]} a4 {[%clk 1:07:09]} 21. a3 {[%clk 1:14:28]}
Rb6 {[%clk 1:04:04]} 22. f5 {[%clk 1:11:17]} Rfb8 {[%clk 1:01:05]} 23. Ka2 {[%clk
1:06:27]} Bc6 {[%clk 0:56:29]} 24. h3 {[%clk 1:03:09]} Nxe4 {[%clk 0:47:25]} 25.
Rxe4 {[%clk 1:02:46]} Bxe4 {[%clk 0:47:45]} 26. Nxe4 {[%clk 1:03:03]} Qc6 {[%clk
0:43:02]} 27. f6+ {[%clk 1:03:20]} Kf8 {[%clk 0:41:54]} 28. Nc3 {[%clk 1:01:44]}
Qb7 {[%clk 0:33:41]} 29. Qc1 {[%clk 0:52:40]} e4 {[%clk 0:31:39]} 30. Ka1 {[%clk
0:42:30]} d5 {[%clk 0:28:00]} 31. Qh6+ {[%clk 0:37:51]} Ke8 {[%clk 0:28:22]} 32.
Qg7 {[%clk 0:38:15]} Rxb2 {[%clk 0:24:38]} 33. Qg8+ {[%clk 0:37:04]} Kd7 {[%clk
0:24:59]} 34. Qxf7+ {[%clk 0:37:07]} Kd6 {[%clk 0:24:59]} 35. Qxb7 {[%clk
0:34:49]} R2xb7 {[%clk 0:24:49]} 36. Rxb7 {[%clk 0:33:14]} Rxb7 {[%clk 0:25:12]}
37. Ng5 {[%clk 0:32:57]} e3 {[%clk 0:20:53]} 38. f7 {[%clk 0:32:05]} Rb8 {[%clk
0:21:03]} 39. Ne2 {[%clk 0:28:02]} Rf8 {[%clk 0:16:26]} 40. Kb2 {[%clk 0:28:20]}
h6 {[%clk 0:15:58]} 41. Nf3 {[%clk 0:28:49]} Rxf7 {[%clk 0:15:56]} 42. Kc1 {[%clk
0:25:24]} g5 {[%clk 0:14:28]} 43. Ned4 {[%clk 0:23:15]} Rf4 {[%clk 0:12:19]} 44.
g4 {[%clk 0:18:38]} e2 {[%clk 0:08:58]} 45. Kd2 {[%clk 0:18:42]} Rf6 {[%clk
0:08:20]} 46. Kxe2 {[%clk 0:17:27]} Kc5 {[%clk 0:08:29]} 47. Kd2 {[%clk 0:14:31]}
Rb6 {[%clk 0:07:42]} 48. Nf5 {[%clk 0:10:54]} Re6 {[%clk 0:05:40]} 49. N3d4
{[%clk 0:09:45]} Rb6 {[%clk 0:05:08]} 50. Kc3 {[%clk 0:04:57]} Rg6 {[%clk
0:04:27]} 51. Kd2 {[%clk 0:04:03]} Rb6 {[%clk 0:03:25]} 52. c3 {[%clk 0:04:26]}
Rb2+ {[%clk 0:03:00]} 53. Nc2 {[%clk 0:02:35]} Rb6 {[%clk 0:03:06]} 54. Nb4
{[%clk 0:02:38]} Rf6 {[%clk 0:02:25]} 55. Ke3 {[%clk 0:02:22]} Re6+ {[%clk
0:02:41]} 56. Kf2 {[%clk 0:02:41]} Rf6 {[%clk 0:02:35]} 57. Nc2 {[%clk 0:02:31]}
h5 {[%clk 0:02:00]} 58. Kg3 {[%clk 0:02:18]} h4+ {[%clk 0:02:14]} 59. Kf2 {[%clk
0:02:36]} Rb6 {[%clk 0:02:29]} 60. Nb4 {[%clk 0:02:37]} Rf6 {[%clk 0:02:45]} 61.
Ke2 {[%clk 0:02:43]} Re6+ {[%clk 0:02:57]} 62. Kd2 {[%clk 0:02:56]} Rf6 {[%clk
0:03:04]} 63. Nc2 {[%clk 0:02:43]} Rb6 {[%clk 0:03:17]} 64. Nfd4 {[%clk 0:02:58]}
Rf6 {[%clk 0:03:03]} 65. Ke2 {[%clk 0:03:04]} Rb6 {[%clk 0:02:57]} 66. Nf3 {[%clk
0:03:22]} Rg6 {[%clk 0:02:27]} 67. Ke3 {[%clk 0:03:16]} Rg8 {[%clk 0:02:18]} 68.
Ncd4 {[%clk 0:03:13]} Kd6 {[%clk 0:02:22]} 69. Nf5+ {[%clk 0:03:21]} Kc5 {[%clk
0:02:26]} 70. Kd2 {[%clk 0:03:33]} Rg6 {[%clk 0:02:17]} 71. N3d4 {[%clk 0:02:18]}
Rb6 {[%clk 0:02:20]} 72. Kc2 {[%clk 0:02:21]} Rf6 {[%clk 0:02:34]} 73. Nf3 {[%clk
0:02:30]} Rg6 {[%clk 0:02:48]} 74. N5d4 {[%clk 0:02:55]} Kd6 {[%clk 0:02:47]} 75.
Kd2 {[%clk 0:03:16]} Rg8 {[%clk 0:02:58]} 76. Nf5+ {[%clk 0:03:15]} Kc5 {[%clk
0:02:54]} 77. Ne3 {[%clk 0:03:33]} Rg6 {[%clk 0:02:29]} 78. Ne5 {[%clk 0:02:29]}
Re6 {[%clk 0:01:47]} 79. Nf7 {[%clk 0:02:41]} Rg6 {[%clk 0:00:45]} 80. Nf5 {[%clk
0:02:51]} Rg8 {[%clk 0:00:53]} 81. Nd4 {[%clk 0:03:09]} Rg6 {[%clk 0:00:51]} 82.
Nxg5 {[%clk 0:03:31]} Rb6 {[%clk 0:01:03]} 83. Kc2 {[%clk 0:03:14]} Rf6 {[%clk
0:01:24]} 84. Ngf3 {[%clk 0:03:40]} Rh6 {[%clk 0:01:39]} 85. g5 {[%clk 0:03:40]}
Rg6 {[%clk 0:01:58]} 86. Nxh4 {[%clk 0:04:01]} 1-0